| 000 | 00751cam a2200229Mi 4500 | ||
|---|---|---|---|
| 001 | ocn725410000 | ||
| 005 | 20211105120836.0 | ||
| 008 | 170901s2011 mx r 001 0 spa d | ||
| 020 | _a9786077071815 (2a.Ed.) | ||
| 035 | _a(OCoLC)725410000 | ||
| 040 |
_aCO-BoUCM _bspa _cSandra Palacio _dSandra Palacio |
||
| 041 | 0 | _aspa | |
| 100 | 1 |
_aGómez Vieites, Álvaro _956042 |
|
| 245 | 1 | 0 |
_aEnciclopedia de la seguridad informática _cÁlvaro Gómez Vieites |
| 250 | _a2a.Ed. | ||
| 260 |
_aMéxico D.F. (México) _bAlfaomega Ra-Ma _c2011 |
||
| 300 | _a825 páginas | ||
| 650 | 1 | 7 |
_aInformática _xSeguridad _987059 |
| 650 | 2 | 7 |
_aSeguridad informática _947082 |
| 942 |
_2DEWEY _cLIBRO _a1 _e2 _h005.8 _mG569es |
||
| 999 |
_c306996 _d306996 |
||